[Event "Titled Tuesday intern op 25th Aug"]
[Site "Chess.com INT"]
[Date "2020.08.25"]
[Round "3"]
[White "Gukesh, Dommaraju"]
[Black "Rechmann, Peter"]
[Result "1-0"]
[WhiteElo "2563"]
[BlackElo "2294"]
[PlyCount "45"]
[EventDate "2020.08.25"]
[EventType "swiss (blitz)"]
[EventRounds "10"]
[EventCountry "USA"]
[SourceTitle "CBM 198 Extra"]
[Source "ChessBase"]
[SourceDate "2020.11.30"]
[SourceVersion "1"]
[SourceVersionDate "2020.11.30"]
[SourceQuality "1"]

1. e4 e5 2. Nf3 Nf6 3. Nxe5 d6 4. Nf3 Nxe4 5. Nc3 Nf6 6. d4 Be7 7. d5 0-0 8. Bd3 b6 9. 0-0 Bb7 10. Re1 a6 11. Nd4 Re8 12. Bg5 Nbd7 13. Bf5 b5 14. Nc6 Bxc6 15. dxc6 Ne5 16. Bxf6 Bxf6 17. Nd5 g6 18. Bd7 Rf8 19. f4 Nxd7 20. cxd7 Bg7 21. Qg4 f5 22. Qf3 Ra7 23. Ne7+ 1-0

[Event "Titled Tuesday intern op 25th Aug"]
[Site "Chess.com INT"]
[Date "2020.08.25"]
[Round "4"]
[White "Rechmann, Peter"]
[Black "Murzin, Volodar"]
[Result "0-1"]
[WhiteElo "2294"]
[BlackElo "2465"]
[PlyCount "22"]
[EventDate "2020.08.25"]
[EventType "swiss (blitz)"]
[EventRounds "10"]
[EventCountry "USA"]
[SourceTitle "CBM 198 Extra"]
[Source "ChessBase"]
[SourceDate "2020.11.30"]
[SourceVersion "1"]
[SourceVersionDate "2020.11.30"]
[SourceQuality "1"]

1. d4 Nf6 2. Nf3 g6 3. g3 Bg7 4. Bg2 0-0 5. 0-0 d6 6. b3 Nc6 7. Bb2 e5 8. dxe5 Ng4 9. c4 dxe5 10. Nc3 e4 11. Ng5 Qxg5 0-1

[Event "Mittelrhein Regionalliga 18/19"]
[Site "Nordrheinwestfalen"]
[Date "2019.03.10"]
[Round "8.1"]
[White "Meertens, Martin"]
[Black "Rechmann, Peter"]
[Result "1/2-1/2"]
[WhiteElo "2160"]
[BlackElo "2236"]
[PlyCount "31"]
[EventDate "2018.10.28"]
[EventType "team-tourn"]
[EventRounds "11"]
[EventCountry "GER"]
[SourceTitle "EXT 2022"]
[Source "ChessBase"]
[SourceDate "2021.10.06"]
[SourceVersion "1"]
[SourceVersionDate "2021.10.06"]
[SourceQuality "1"]
[WhiteTeam "Koeln SF II"]
[BlackTeam "Langenfeld"]
[WhiteTeamCountry "GER"]
[BlackTeamCountry "GER"]

1. e4 e5 2. Nf3 Nc6 3. Bb5 a6 4. Ba4 Nf6 5. 0-0 Be7 6. Re1 b5 7. Bb3 d6 8. c3 0-0 9. h3 h6 10. d4 Re8 11. Nbd2 Bf8 12. Nf1 Bd7 13. Ng3 Na5 14. Bc2 Nc4 15. b3 Nb6 16. Be3 1/2-1/2

[Event "Mittelrhein Regionalliga 18/19"]
[Site "Nordrheinwestfalen"]
[Date "2018.11.18"]
[Round "4.1"]
[White "Lamby, Philipp"]
[Black "Rechmann, Peter"]
[Result "1-0"]
[WhiteElo "2199"]
[BlackElo "2236"]
[PlyCount "63"]
[EventDate "2018.10.28"]
[EventType "team-tourn"]
[EventRounds "11"]
[EventCountry "GER"]
[SourceTitle "EXT 2022"]
[Source "ChessBase"]
[SourceDate "2021.10.06"]
[SourceVersion "1"]
[SourceVersionDate "2021.10.06"]
[SourceQuality "1"]
[WhiteTeam "Aachen SV II"]
[BlackTeam "Langenfeld"]
[WhiteTeamCountry "GER"]
[BlackTeamCountry "GER"]

1. d4 Nf6 2. c4 e6 3. Nc3 d5 4. cxd5 Nxd5 5. e4 Nxc3 6. bxc3 c5 7. Rb1 cxd4 8. cxd4 Nc6 9. Nf3 Bb4+ 10. Bd2 Bxd2+ 11. Qxd2 0-0 12. Bb5 Ne7 13. 0-0 b6 14. h4 Bb7 15. Bd3 Ng6 16. g3 h6 17. Qe3 Rc8 18. Rb3 Qd6 19. h5 Ne7 20. Rd1 f5 21. d5 f4 22. gxf4 Qxf4 23. Qxf4 Rxf4 24. d6 Nc6 25. Bb1 Rd8 26. Kg2 e5 27. Kg3 Rf6 28. Rbd3 Ba6 29. R3d2 g5 30. Bd3 Rxf3+ 31. Kxf3 Nd4+ 32. Kg2 1-0

[Event "Mittelrhein Regionalliga 18/19"]
[Site "Nordrheinwestfalen"]
[Date "2018.10.28"]
[Round "3.1"]
[White "Rechmann, Peter"]
[Black "Abolianin, Arthur"]
[Result "1-0"]
[WhiteElo "2236"]
[BlackElo "2279"]
[PlyCount "87"]
[EventDate "2018.10.28"]
[EventType "team-tourn"]
[EventRounds "11"]
[EventCountry "GER"]
[SourceTitle "EXT 2022"]
[Source "ChessBase"]
[SourceDate "2021.10.06"]
[SourceVersion "1"]
[SourceVersionDate "2021.10.06"]
[SourceQuality "1"]
[WhiteTeam "Langenfeld"]
[BlackTeam "Alsdorf SVG"]
[WhiteTeamCountry "GER"]
[BlackTeamCountry "GER"]

1. c4 g6 2. d4 Bg7 3. Nf3 d6 4. g3 c5 5. Nc3 Nc6 6. d5 Na5 7. Qc2 Nf6 8. e4 0-0 9. Be2 e5 10. 0-0 b6 11. a3 Nb7 12. b4 Ne8 13. Rb1 f5 14. exf5 gxf5 15. Nh4 Qf6 16. Rb3 f4 17. Bd3 Qh6 18. Bf5 Rf7 19. Bxc8 Rxc8 20. Ne4 cxb4 21. axb4 Rfc7 22. Qe2 Rxc4 23. Nf5 Qh3 24. Ne7+ Kf8 25. Nxc8 Qxc8 26. Bd2 Nf6 27. Rc3 Rxc3 28. Nxc3 Qh3 29. Qf3 Bh6 30. Rd1 Nd8 31. Ne4 Nxe4 32. Qxe4 Nf7 33. Qg2 Qh5 34. Rc1 Ng5 35. g4 Qf7 36. Rc8+ Kg7 37. h4 f3 38. Qf1 Nh3+ 39. Kh2 Bxd2 40. Kxh3 Qxd5 41. Qa6 h5 42. Qxa7+ Kg6 43. gxh5+ Kxh5 44. Qh7+ 1-0

[Event "NRW Class1 1112"]
[Site "Germany"]
[Date "2012.03.25"]
[Round "8.4"]
[White "Schoorl, Rob"]
[Black "Rechmann, Peter"]
[Result "1-0"]
[WhiteElo "2317"]
[BlackElo "2267"]
[PlyCount "77"]
[EventDate "2011.09.18"]
[EventType "team-tourn"]
[EventRounds "9"]
[EventCountry "GER"]
[SourceTitle "EXT 2015"]
[Source "ChessBase"]
[SourceDate "2014.11.20"]
[SourceVersion "1"]
[SourceVersionDate "2014.11.20"]
[SourceQuality "1"]
[WhiteTeam "Muelheim Nord II"]
[BlackTeam "Langenfeld"]
[WhiteTeamCountry "GER"]
[BlackTeamCountry "GER"]

1. e4 e5 2. Nf3 Nc6 3. Bb5 a6 4. Ba4 Nf6 5. 0-0 Be7 6. Re1 b5 7. Bb3 d6 8. a3 0-0 9. c3 Na5 10. Ba2 c5 11. d3 Bb7 12. Nbd2 h6 13. b4 Nc6 14. Bb2 d5 15. bxc5 Bxc5 16. d4 dxe4 17. Nxe4 Nxe4 18. Rxe4 exd4 19. cxd4 Ne7 20. Rg4 Bc8 21. Rxg7+ Kxg7 22. dxc5+ f6 23. Nd4 Qc7 24. Qf3 Ra7 25. Rc1 Ng6 26. g3 Ne5 27. Qe4 Nc4 28. Bxc4 bxc4 29. Rxc4 Qf7 30. Rb4 Re7 31. Nf5+ Bxf5 32. Qxf5 Re1+ 33. Kg2 Qe6 34. Rg4+ Kf7 35. Qh5+ Ke7 36. Bc3 Qc6+ 37. Kh3 Rg1 38. f3 Rf7 39. Re4+ 1-0

[Event "Oberliga NRW 0910"]
[Site "Germany"]
[Date "2010.03.21"]
[Round "8.5"]
[White "Bolwerk, Peter"]
[Black "Rechmann, Peter"]
[Result "1/2-1/2"]
[WhiteElo "2266"]
[BlackElo "2344"]
[PlyCount "44"]
[EventDate "2009.09.20"]
[EventType "team-tourn"]
[EventRounds "9"]
[EventCountry "GER"]
[SourceTitle "EXT 2011"]
[Source "ChessBase"]
[SourceDate "2010.11.26"]
[SourceVersion "1"]
[SourceVersionDate "2010.11.26"]
[SourceQuality "1"]
[WhiteTeam "Muenster"]
[BlackTeam "Monheim"]
[WhiteTeamCountry "GER"]
[BlackTeamCountry "GER"]

1. e4 g6 2. d4 Bg7 3. Nc3 d6 4. Be3 a6 5. Qd2 Nd7 6. Bd3 c5 7. Nf3 Ngf6 8. h3 cxd4 9. Nxd4 0-0 10. Bh6 Nc5 11. 0-0 b5 12. a3 Bb7 13. Rfe1 Re8 14. Rad1 e5 15. Nb3 Na4 16. Bxg7 Kxg7 17. Nxa4 bxa4 18. Na5 Rb8 19. b4 axb3 20. cxb3 Ba8 21. b4 d5 22. Qe3 Qe7 1/2-1/2

[Event "Oberliga NRW 0910"]
[Site "Germany"]
[Date "2010.01.31"]
[Round "6.5"]
[White "Peerlings, Camiel"]
[Black "Rechmann, Peter"]
[Result "1/2-1/2"]
[WhiteElo "2203"]
[BlackElo "2344"]
[PlyCount "39"]
[EventDate "2009.09.20"]
[EventType "team-tourn"]
[EventRounds "9"]
[EventCountry "GER"]
[SourceTitle "EXT 2011"]
[Source "ChessBase"]
[SourceDate "2010.11.26"]
[SourceVersion "1"]
[SourceVersionDate "2010.11.26"]
[SourceQuality "1"]
[WhiteTeam "Muelheim Nord II"]
[BlackTeam "Monheim"]
[WhiteTeamCountry "GER"]
[BlackTeamCountry "GER"]

1. e4 g6 2. d4 Bg7 3. Nc3 d6 4. Be3 a6 5. a4 b6 6. Be2 e6 7. Qd2 h6 8. h4 h5 9. Nh3 Nd7 10. Rd1 Ne7 11. 0-0 Bb7 12. Ng5 d5 13. exd5 exd5 14. Bf3 Nf6 15. Rfe1 0-0 16. Bf4 Nf5 17. g3 Ng4 18. Be5 Bh6 19. Bf4 Bg7 20. Be5 1/2-1/2

[Event "NRW Class1 0809"]
[Site "Germany"]
[Date "2009.02.01"]
[Round "6.5"]
[White "Rechmann, Peter"]
[Black "Goessling, Guido"]
[Result "1-0"]
[WhiteElo "2330"]
[BlackElo "2224"]
[PlyCount "59"]
[EventDate "2008.09.21"]
[EventType "team-tourn"]
[EventRounds "9"]
[EventCountry "GER"]
[SourceTitle "EXT 2010"]
[Source "ChessBase"]
[SourceDate "2010.11.25"]
[SourceVersion "1"]
[SourceVersionDate "2010.11.25"]
[SourceQuality "1"]
[WhiteTeam "Monheim"]
[BlackTeam "Bielefeld"]
[WhiteTeamCountry "GER"]
[BlackTeamCountry "GER"]

1. c4 e5 2. Nc3 Nc6 3. g3 Nf6 4. Bg2 Bc5 5. a3 a5 6. e3 0-0 7. Nge2 Bb6 8. Rb1 d6 9. b4 Bf5 10. d3 axb4 11. axb4 Qd7 12. h3 Rfe8 13. g4 Bg6 14. Ng3 h6 15. 0-0 Kh8 16. Kh2 Nd8 17. f4 exf4 18. exf4 Bd4 19. Nb5 Be3 20. Bxe3 Rxe3 21. f5 Bh7 22. Qd2 Re5 23. Ra1 Rxa1 24. Rxa1 d5 25. Qf4 Re7 26. Ra8 c6 27. Qd6 Re8 28. Qxd7 Nxd7 29. Nd6 Rf8 30. Rxd8 1-0

[Event "Oberliga NRW 0102 I"]
[Site "Germany"]
[Date "2002.04.07"]
[Round "8.4"]
[White "Rechmann, Peter"]
[Black "Lytchak, Alexander"]
[Result "0-1"]
[WhiteElo "2357"]
[BlackElo "2402"]
[PlyCount "68"]
[EventDate "2001.10.??"]
[EventType "team"]
[EventRounds "9"]
[EventCountry "GER"]
[SourceTitle "EXT 2004"]
[Source "ChessBase"]
[SourceDate "2003.11.25"]
[SourceVersion "1"]
[SourceVersionDate "2003.11.25"]
[SourceQuality "1"]
[WhiteTeam "Monheim"]
[BlackTeam "Muelheim Nord"]
[WhiteTeamCountry "GER"]
[BlackTeamCountry "GER"]

1. d4 d5 2. c4 c6 3. Nf3 Nf6 4. Qb3 dxc4 5. Qxc4 Bf5 6. Nc3 e6 7. g3 Be7 8. Bg2 Nbd7 9. 0-0 0-0 10. Qb3 Qb6 11. Qxb6 axb6 12. Nh4 Bc2 13. e4 b5 14. e5 Ne8 15. Nf3 b4 16. Ne2 Nc7 17. Bg5 Bxg5 18. Nxg5 Bd3 19. Rfe1 Nb5 20. Nf4 Bf5 21. Red1 Rfd8 22. Be4 h6 23. Bxf5 hxg5 24. Nxe6 fxe6 25. Bxe6+ Kf8 26. Bc4 Nc7 27. Kg2 Ke7 28. f4 gxf4 29. gxf4 Nb6 30. Bb3 Nb5 31. Kf2 Nxd4 32. Rg1 Nxb3 33. Rxg7+ Ke6 34. Rg6+ Kd5 0-1

[Event "Oberliga NRW 9495 I"]
[Site "Germany"]
[Date "1995.??.??"]
[Round "7.2"]
[White "Matthias, Heiner"]
[Black "Rechmann, Peter"]
[Result "1-0"]
[WhiteElo "2300"]
[BlackElo "2345"]
[PlyCount "59"]
[EventDate "1994.10.??"]
[EventType "team"]
[EventRounds "9"]
[EventCountry "GER"]
[SourceTitle "GER"]
[Source "ChessBase"]
[SourceDate "1999.07.01"]
[SourceVersion "1"]
[SourceVersionDate "1999.07.01"]
[SourceQuality "1"]
[WhiteTeam "Lippstadt Turm"]
[BlackTeam "Monheim"]
[WhiteTeamCountry "GER"]
[BlackTeamCountry "GER"]

1. e4 c5 2. Nf3 e6 3. d4 cxd4 4. Nxd4 Nf6 5. Nc3 d6 6. g4 Nc6 7. g5 Nd7 8. Be3 Be7 9. h4 0-0 10. Qd2 a6 11. 0-0-0 Nxd4 12. Bxd4 b5 13. Kb1 b4 14. Ne2 e5 15. Be3 a5 16. Ng3 Nc5 17. f3 Qc7 18. h5 a4 19. Nf5 Bxf5 20. exf5 b3 21. cxb3 axb3 22. a3 Rfc8 23. Rc1 Qb7 24. f6 Ne4 25. Qb4 Rxc1+ 26. Bxc1 Qxb4 27. axb4 gxf6 28. fxe4 fxg5 29. Bc4 Rb8 30. b5 1-0

[Event "Oberliga NRW 9495 I"]
[Site "Germany"]
[Date "1995.??.??"]
[Round "6.2"]
[White "Rechmann, Peter"]
[Black "Ziegler, Ari"]
[Result "0-1"]
[WhiteElo "2345"]
[BlackElo "2315"]
[PlyCount "76"]
[EventDate "1994.10.??"]
[EventType "team"]
[EventRounds "9"]
[EventCountry "GER"]
[SourceTitle "GER"]
[Source "ChessBase"]
[SourceDate "1999.07.01"]
[SourceVersion "1"]
[SourceVersionDate "1999.07.01"]
[SourceQuality "1"]
[WhiteTeam "Monheim"]
[BlackTeam "Wattenscheid"]
[WhiteTeamCountry "GER"]
[BlackTeamCountry "GER"]

1. e4 c5 2. Nf3 d6 3. Bb5+ Nd7 4. d4 Ngf6 5. Nc3 a6 6. Bxd7+ Nxd7 7. 0-0 e6 8. Bg5 Qc7 9. d5 e5 10. a4 h6 11. Be3 Nf6 12. h3 Be7 13. Nd2 0-0 14. Nc4 Bd7 15. f4 exf4 16. Bxf4 b5 17. axb5 axb5 18. Rxa8 Rxa8 19. e5 bxc4 20. exf6 Bxf6 21. Ne4 Be5 22. Qh5 Bxf4 23. Rxf4 Ra1+ 24. Kh2 Bc8 25. Qe2 Ra8 26. Qxc4 Rb8 27. Qc3 f5 28. Ng3 Qf7 29. Qd3 Rxb2 30. Nxf5 Bxf5 31. Rxf5 Qe7 32. Qc3 Rb4 33. Qg3 Rc4 34. Qb3 Qe4 35. Rf2 Qe5+ 36. g3 Rc3 37. Qb8+ Kh7 38. Rg2 Qxd5 0-1

[Event "Oberliga NRW 9495 I"]
[Site "Germany"]
[Date "1994.??.??"]
[Round "2.2"]
[White "Van Mil, Johan"]
[Black "Rechmann, Peter"]
[Result "1/2-1/2"]
[WhiteElo "2490"]
[BlackElo "2345"]
[PlyCount "80"]
[EventDate "1994.10.??"]
[EventType "team"]
[EventRounds "9"]
[EventCountry "GER"]
[SourceTitle "GER"]
[Source "ChessBase"]
[SourceDate "1999.07.01"]
[SourceVersion "1"]
[SourceVersionDate "1999.07.01"]
[SourceQuality "1"]
[WhiteTeam "Solingen II"]
[BlackTeam "Monheim"]
[WhiteTeamCountry "GER"]
[BlackTeamCountry "GER"]

1. e4 e5 2. Nf3 Nc6 3. Bb5 a6 4. Ba4 Nf6 5. 0-0 Be7 6. Bxc6 dxc6 7. d3 Qd6 8. a4 0-0 9. Nbd2 Be6 10. b3 Nd7 11. Ba3 c5 12. Nc4 Bxc4 13. bxc4 Rfe8 14. Bb2 Bf6 15. g3 Rad8 16. Ne1 Nf8 17. Ng2 Ne6 18. Ne3 Nd4 19. Kh1 g6 20. f4 exf4 21. gxf4 Bg7 22. Rb1 Qd7 23. a5 c6 24. f5 Kh8 25. Qd2 gxf5 26. Bxd4 Qxd4 27. Nxf5 Qxe4+ 28. dxe4 Rxd2 29. Rxb7 Be5 30. Nh6 Rxh2+ 31. Kg1 Rxh6 32. Rfxf7 Rg6+ 33. Kf1 Rg7 34. Rxg7 Bxg7 35. Ra7 Rxe4 36. Ra8+ Bf8 37. Rxf8+ Kg7 38. Ra8 Rxc4 39. Rxa6 Rxc2 40. Rxc6 c4 1/2-1/2

[Event "Leiden op"]
[Site "Leiden"]
[Date "1993.02.20"]
[Round "2"]
[White "Roski, Ferdinand"]
[Black "Rechmann, Peter"]
[Result "1-0"]
[WhiteElo "2315"]
[BlackElo "2360"]
[PlyCount "105"]
[EventDate "1993.02.19"]
[EventType "swiss"]
[EventRounds "6"]
[EventCountry "NED"]
[SourceTitle "EXT 2003"]
[Source "ChessBase"]
[SourceDate "2002.11.25"]
[SourceVersion "1"]
[SourceVersionDate "2002.11.25"]
[SourceQuality "1"]

1. d4 Nf6 2. c4 e6 3. g3 Bb4+ 4. Nc3 c5 5. e3 d5 6. a3 Bxc3+ 7. bxc3 dxc4 8. Bxc4 0-0 9. Nf3 Qc7 10. Qe2 cxd4 11. cxd4 b5 12. Bd3 Qc3+ 13. Nd2 Qxa1 14. 0-0 Bb7 15. Nb3 Qc3 16. Nc5 Bc6 17. Bb2 Bf3 18. Qxf3 Qxb2 19. Qxa8 Qxa3 20. Bxb5 e5 21. Ne4 Nxe4 22. Qxe4 exd4 23. Qxd4 Qe7 24. Ra1 a6 25. Bxa6 Nxa6 26. Rxa6 Rd8 27. Ra7 Rxd4 28. Rxe7 Rd1+ 29. Kg2 h5 30. h4 g6 31. Kf3 Kg7 32. Kf4 Kf6 33. Ra7 Rf1 34. f3 Rb1 35. e4 Rb3 36. Ra6+ Kg7 37. g4 hxg4 38. Kxg4 Rc3 39. e5 Rc4+ 40. f4 Re4 41. Ra1 Rb4 42. Ra7 Re4 43. Ra1 Rb4 44. h5 gxh5+ 45. Kg5 Rb2 46. Kxh5 Rg2 47. Ra7 Kf8 48. f5 Re2 49. Kh6 Rxe5 50. f6 Re8 51. Kh7 Rb8 52. Ra1 Ke8 53. Kg7 1-0

[Event "Oberliga NRW 9293 II"]
[Site "Germany"]
[Date "1993.??.??"]
[Round "?.2"]
[White "Buenermann, Volker"]
[Black "Rechmann, Peter"]
[Result "1-0"]
[WhiteElo "2220"]
[BlackElo "2360"]
[PlyCount "83"]
[EventDate "1992.10.??"]
[EventType "team"]
[EventRounds "10"]
[EventCountry "GER"]
[SourceTitle "TD"]
[Source "ChessBase"]
[SourceDate "1994.03.01"]
[SourceVersion "1"]
[SourceVersionDate "1994.03.01"]
[SourceQuality "1"]
[WhiteTeam "Bielefeld II"]
[BlackTeam "Monheim"]
[WhiteTeamCountry "GER"]
[BlackTeamCountry "GER"]

1. e4 c5 2. Nf3 d6 3. d4 cxd4 4. Nxd4 Nf6 5. Nc3 e6 6. Bc4 Be7 7. Qe2 0-0 8. Be3 a6 9. Bb3 b5 10. f3 Bb7 11. Qf2 Nbd7 12. 0-0-0 Qc7 13. g4 Nc5 14. g5 Nfd7 15. h4 b4 16. Na4 Nxa4 17. Bxa4 Nc5 18. Bb3 a5 19. Nb5 Qc6 20. Bxc5 dxc5 21. Ba4 c4 22. Nc3 Qc8 23. Bd7 Qb8 24. Ne2 Rd8 25. h5 b3 26. axb3 cxb3 27. Ba4 Bxg5+ 28. f4 Be7 29. Rxd8+ Qxd8 30. Rd1 Qc7 31. Nc3 Bc5 32. Qg3 bxc2 33. Rd7 Qb6 34. h6 g6 35. Qg5 Bd4 36. Qe7 Rf8 37. Rxb7 Be3+ 38. Kxc2 Qd4 39. Rd7 Qb4 40. Qxb4 axb4 41. Ne2 e5 42. fxe5 1-0

[Event "Oberliga NRW 9293 II"]
[Site "Germany"]
[Date "1992.??.??"]
[Round "?.1"]
[White "Dinstuhl, Volkmar"]
[Black "Rechmann, Peter"]
[Result "1-0"]
[WhiteElo "2360"]
[BlackElo "2360"]
[PlyCount "81"]
[EventDate "1992.10.??"]
[EventType "team"]
[EventRounds "10"]
[EventCountry "GER"]
[SourceTitle "TD"]
[Source "ChessBase"]
[SourceDate "1994.03.01"]
[SourceVersion "1"]
[SourceVersionDate "1994.03.01"]
[SourceQuality "1"]
[WhiteTeam "Wattenscheid"]
[BlackTeam "Monheim"]
[WhiteTeamCountry "GER"]
[BlackTeamCountry "GER"]

1. d4 Nf6 2. c4 e6 3. Nc3 Bb4 4. Qc2 0-0 5. Bg5 h6 6. Bh4 c5 7. e3 d5 8. cxd5 exd5 9. Bd3 c4 10. Be2 Nbd7 11. Nf3 Qa5 12. Nd2 Re8 13. Bf3 g5 14. Bg3 Nf8 15. 0-0 g4 16. Be2 Ng6 17. e4 Bxc3 18. bxc3 Nxe4 19. Nxe4 dxe4 20. Bxc4 Be6 21. Bxe6 Rxe6 22. c4 Qh5 23. Rab1 b6 24. Rb5 f5 25. d5 a6 26. dxe6 axb5 27. cxb5 f4 28. Qxe4 Rf8 29. e7 Nxe7 30. Bxf4 Qd5 31. Qxd5+ Nxd5 32. Bxh6 Ra8 33. Ra1 Ra4 34. g3 Kf7 35. Rd1 Ke6 36. Re1+ Kd6 37. Bf8+ Kd7 38. a3 Nc3 39. Re7+ Kd8 40. Re5 Rd4 41. Kg2 1-0

[Event "Oberliga NRW 9192 II"]
[Site "Germany"]
[Date "1992.??.??"]
[Round "?.2"]
[White "Stillger, Bernhard"]
[Black "Rechmann, Peter"]
[Result "0-1"]
[WhiteElo "2250"]
[BlackElo "2360"]
[PlyCount "66"]
[EventDate "1991.10.??"]
[EventType "team"]
[EventRounds "11"]
[EventCountry "GER"]
[SourceTitle "TD"]
[Source "ChessBase"]
[SourceDate "1994.03.01"]
[SourceVersion "1"]
[SourceVersionDate "1994.03.01"]
[SourceQuality "1"]
[WhiteTeam "Duesseldorf"]
[BlackTeam "Monheim"]
[WhiteTeamCountry "GER"]
[BlackTeamCountry "GER"]

1. d4 Nf6 2. Bg5 d5 3. Bxf6 exf6 4. e3 c6 5. Bd3 Qb6 6. b3 a5 7. a3 Bd6 8. Qf3 0-0 9. Ne2 Nd7 10. 0-0 g6 11. g4 Qc7 12. h3 b6 13. Nd2 Bb7 14. c4 a4 15. b4 dxc4 16. Bxc4 b5 17. Ba2 c5 18. Bd5 Bxd5 19. Qxd5 Nb6 20. Qf3 cxb4 21. Rfc1 Qd8 22. axb4 Bxb4 23. Ne4 Be7 24. Nc5 Nc4 25. Nc3 Nd2 26. Qe2 Bxc5 27. Qxd2 Bb4 28. Rcb1 Qa5 29. Rxb4 Qxb4 30. Rb1 Qc4 31. Rxb5 Rfc8 32. Rc5 Rxc5 33. dxc5 a3 0-1